00314nam a22001097a 4500008004100000020001500041050002300056245006600079260003100145300001400176650001400190211108b |||||||| |||| 00| 0 eng d a0632058447 aQP143 N88 2002 c.1 aNutrition & Healthcedited by Tanya Carr & Koen Descheemaeker aEdinburghbBlackwellc2002 aix, 188p. aNutrition